000 00317 a2200157 4500
001 170236
020 _a
040 _cMagnum
100 _aGagliardi, Eliana; Amaral, Heloisa
240 1 0 _aConto de fadas
_lpor
245 1 0 _aConto de fadas
362 0 _a1899
440 1 _aFTD
697 _aGERAL
942 _cBK
999 _c170236
_d170236